Escuelas de pintura al aire libre y centros populares de pintura (Record no. 107)
[ view plain ]
| 000 -CABECERA | |
|---|---|
| campo de control de longitud fija | 01013nam a2200241 a 4500 |
| 001 - NÚMERO DE CONTROL | |
| campo de control | BRCA_123 |
| 005 - FECHA Y HORA DE LA ÚLTIMA TRANSACCIÓN | |
| campo de control | 20190320202906.0 |
| 008 - DATOS DE LONGITUD FIJA--INFORMACIÓN GENERAL | |
| campo de control de longitud fija | 890808s1987 mx-a---##b---f000-0#spa-# |
| 020 ## - NÚMERO INTERNACIONAL ESTÁNDAR DEL LIBRO | |
| Número Internacional Estándar del Libro | 9682915880 |
| 040 ## - FUENTE DE LA CATALOGACIÓN | |
| Centro catalogador/agencia de origen | DLC |
| Centro/agencia transcriptor | DLC |
| Centro/agencia modificador | DLC |
| 050 #4 - SIGNATURA TOPOGRÁFICA DE LA BIBLIOTECA DEL CONGRESO | |
| Número de clasificación | N6555 |
| Número de documento/Ítem | .A78 2 |
| -- | 1987 |
| 100 1# - ENTRADA PRINCIPAL--NOMBRE DE PERSONA | |
| Nombre de persona | González Matute, Laura |
| 9 (RLIN) | 484 |
| 245 10 - MENCIÓN DE TÍTULO | |
| Título | Escuelas de pintura al aire libre y centros populares de pintura |
| Mención de responsabilidad, etc. | Laura González Matute. |
| 260 ## - PUBLICACIÓN, DISTRIBUCIÓN, ETC. | |
| Lugar de publicación, distribución, etc. | México |
| Nombre del editor, distribuidor, etc. | INBA : Centro Nacional de Investigación, Documentación e Información de Artes Plásticas (CENIDIAP) : Dirección de Investigación y Documentación de las Artes |
| Fecha de publicación, distribución, etc. | 1987 |
| 300 ## - DESCRIPCIÓN FÍSICA | |
| Extensión | 186 p. |
| Otras características físicas | il. |
| Dimensiones | 21 cm. |
| 440 #0 - MENCIÓN DE SERIE/PUNTO DE ACCESO ADICIONAL--TÍTULO | |
| Título | Colección Artes plásticas. |
| Nombre de parte o sección de la obra | Serie Investigación y documentación de las artes |
| Designación de volumen o secuencia | 2 |
| 9 (RLIN) | 485 |
| 504 ## - NOTA DE BIBLIOGRAFÍA, ETC. | |
| Nota de bibliografía, etc. | Bibliografía: p. 169-186 |
| 650 14 - PUNTO DE ACCESO ADICIONAL DE MATERIA--TÉRMINO DE MATERIA | |
| Término de materia o nombre geográfico como elemento de entrada | Artes visuales |
| Subdivisión cronológica | Siglo XX y XXI |
| 9 (RLIN) | 486 |
| 650 14 - PUNTO DE ACCESO ADICIONAL DE MATERIA--TÉRMINO DE MATERIA | |
| Término de materia o nombre geográfico como elemento de entrada | Escuelas de arte |
| Subdivisión general | Historia |
| Subdivisión cronológica | Siglo XX |
| Subdivisión geográfica | México |
| 9 (RLIN) | 487 |
| 650 14 - PUNTO DE ACCESO ADICIONAL DE MATERIA--TÉRMINO DE MATERIA | |
| Término de materia o nombre geográfico como elemento de entrada | Arte |
| Subdivisión general | Estudio y enseñanza |
| Subdivisión cronológica | Siglo XX |
| Subdivisión geográfica | México |
| 9 (RLIN) | 488 |
| 653 0# - TÉRMINO DE INDIZACIÓN--NO CONTROLADO | |
| Término no controlado | Plenairismo |
| 942 ## - ELEMENTOS DE PUNTO DE ACCESO ADICIONAL (KOHA) | |
| Fuente del sistema de clasificación o colocación | Library of Congress Classification |
| Tipo de ítem Koha | Libros |
| Estado de retiro | Estado de pérdida | Estado dañado | No para préstamo | Localización permanente | Ubicación/localización actual | Fecha de adquisición | Total de préstamos | Signatura topográfica completa | Código de barras | Fecha visto por última vez | Precio válido a partir de | Tipo de ítem Koha |
|---|---|---|---|---|---|---|---|---|---|---|---|---|
| El ejemplar forma parte de la colección y puede ser consultado según las políticas vigentes. | Biblioteca del Museo Franz Mayer (Rogerio Casas-Alatriste) | Biblioteca del Museo Franz Mayer (Rogerio Casas-Alatriste) | 25/06/2008 | N6555 .A78 2 1987 | 00117 | 22/03/2019 | 22/03/2019 | Libros |